[Event "SVK-ch U18/20 Girls"]
[Site "Tatralandia"]
[Date "2024.04.10"]
[Round "7"]
[White "Subjakova, Kristina"]
[Black "Sosovickova, Jana"]
[Result "0-1"]
[WhiteElo "1791"]
[BlackElo "1943"]
[PlyCount "114"]
[EventDate "2024.04.05"]
[EventType "swiss"]
[EventRounds "9"]
[EventCountry "SVK"]
[SourceTitle "CB16_2024"]
[SourceDate "2024.04.17"]
[SourceVersion "1"]
[SourceVersionDate "2024.04.17"]
[SourceQuality "1"]

1. b3 e5 2. Bb2 Nc6 3. e3 Nf6 4. Bb5 Bd6 5. Nf3 e4 6. Nd4 Nxd4 7. Bxd4 0-0 8. Be2 Qe7 9. d3 Be5 10. dxe4 Nxe4 11. Bxe5 Qxe5 12. Qd4 d6 13. Bf3 Ng5 14. Nd2 Qxd4 15. exd4 Re8+ 16. Kd1 Nxf3 17. Nxf3 Bg4 18. Kd2 Re4 19. Rae1 Bxf3 20. gxf3 Rxd4+ 21. Kc3 Rf4 22. Re3 Kf8 23. Rhe1 Rh4 24. Re7 Rxh2 25. Rxc7 Rxf2 26. Re3 b6 27. Kd3 h5 28. Rd7 Re8 29. Rxa7 Rxe3+ 30. Kxe3 Rxc2 31. Ra6 Ke7 32. Rxb6 Rxa2 33. Kf4 g6 34. b4 Rb2 35. Rb7+ Ke6 36. b5 h4 37. Kg4 Rb4+ 38. f4 h3 39. Kg3 Rb3+ 40. Kh2 f6 41. b6 Kf5 42. Rb8 Kxf4 43. b7 Kf5 44. Kg1 Rb2 45. Kh1 g5 46. Kg1 g4 47. Rd8 Rxb7 48. Rxd6 Rb2 49. Rd5+ Kf4 50. Rd4+ Kg5 51. Rd5+ f5 52. Rd8 g3 53. Rg8+ Kf4 54. Kf1 Kf3 55. Ke1 h2 56. Rh8 h1Q+ 57. Rxh1 Rb1+ 0-1

[Event "SVK-ch U18/20 Girls"]
[Site "Tatralandia"]
[Date "2024.04.07"]
[Round "3"]
[White "Striskova, Lucia"]
[Black "Sosovickova, Jana"]
[Result "1/2-1/2"]
[WhiteElo "1884"]
[BlackElo "1943"]
[PlyCount "79"]
[EventDate "2024.04.05"]
[EventType "swiss"]
[EventRounds "9"]
[EventCountry "SVK"]
[SourceTitle "CB16_2024"]
[SourceDate "2024.04.17"]
[SourceVersion "1"]
[SourceVersionDate "2024.04.17"]
[SourceQuality "1"]

1. Nf3 d5 2. g3 Nf6 3. Bg2 c5 4. 0-0 Nc6 5. d3 e5 6. e4 d4 7. a4 Bd6 8. Na3 0-0 9. Ne1 a6 10. f4 Ne8 11. f5 Be7 12. Nf3 b5 13. g4 c4 14. g5 c3 15. h4 f6 16. bxc3 dxc3 17. Qe1 Nd4 18. Nxd4 Bc5 19. Kh1 Bxd4 20. Qe2 Nd6 21. Qh5 b4 22. Nc4 Nxc4 23. dxc4 Bd7 24. Rf3 Be8 25. g6 h6 26. Rg3 Qe7 27. c5 Ra7 28. Bf1 Qxc5 29. Bxa6 Bf2 30. Rg2 Be3 31. Bxe3 Qxe3 32. Bc4+ Kh8 33. Re2 Qd4 34. Bb3 Bc6 35. Qf3 Rd8 36. Ree1 Rad7 37. a5 Qa7 38. Ba4 Bxa4 39. Rxa4 Rd4 40. Rb1 1/2-1/2

[Event "Wch U18 Girls"]
[Site "Montesilvano"]
[Date "2023.11.18"]
[Round "6"]
[White "Sasvatha, A."]
[Black "Sosovickova, Jana"]
[Result "1/2-1/2"]
[WhiteElo "1568"]
[BlackElo "2013"]
[PlyCount "166"]
[EventDate "2023.11.13"]
[EventType "swiss"]
[EventRounds "11"]
[EventCountry "ITA"]
[SourceTitle "CB48_2023"]
[SourceDate "2023.11.29"]
[SourceVersion "1"]
[SourceVersionDate "2023.11.29"]
[SourceQuality "1"]

1. d4 Nf6 2. c4 d5 3. Nc3 e6 4. cxd5 exd5 5. Bg5 Be7 6. e3 c6 7. Bd3 Nbd7 8. Nge2 0-0 9. f3 Nh5 10. Bxe7 Qxe7 11. Qd2 Re8 12. e4 dxe4 13. fxe4 Nf8 14. 0-0-0 a5 15. h3 Nf6 16. Rdf1 Be6 17. Nf4 Red8 18. d5 Bd7 19. Re1 Be8 20. Rhf1 N6d7 21. Nh5 Ne5 22. Ng3 Bd7 23. Kb1 a4 24. Nce2 c5 25. Bc2 Ra6 26. Qc3 b5 27. Nf5 Bxf5 28. Rxf5 f6 29. Ref1 b4 30. Qg3 Rda8 31. Bd1 Nc4 32. Qd3 Qxe4 33. Qxe4 Nd2+ 34. Kc1 Nxe4 35. R5f4 Nd6 36. Rg4 Nf7 37. Nf4 Ne5 38. Rg3 Rd6 39. Bg4 Nxg4 40. Rxg4 Re8 41. Kc2 Re5 42. a3 Re4 43. axb4 Rxb4 44. Rf2 Rdb6 45. Kc1 Rc4+ 46. Rc2 Rbb4 47. Nd3 Rxg4 48. hxg4 Rd4 49. Nxc5 Rxd5 50. Rc4 Ng6 51. Nxa4 Ne5 52. Re4 Kf7 53. Kc2 Kg6 54. Nc3 Rc5 55. b4 Rc8 56. b5 Kg5 57. Kb3 Nxg4 58. Re7 Kg6 59. b6 Ne5 60. Rc7 Rb8 61. b7 Nc6 62. Rxc6 Rxb7+ 63. Kc2 Rd7 64. Rc5 Rd4 65. Rd5 Rxd5 66. Nxd5 Kg5 67. Kd2 Kg4 68. Ke2 Kg3 69. Kf1 f5 70. Ne7 g6 71. Ng8 g5 72. Nh6 f4 73. Kg1 f3 74. gxf3 Kxf3 75. Nf7 Kf4 76. Nxg5 Kxg5 77. Kh2 Kg4 78. Kg2 h5 79. Kh2 h4 80. Kg2 h3+ 81. Kh2 Kh4 82. Kg1 Kg3 83. Kh1 h2 1/2-1/2

[Event "Wch U20 Girls 39th"]
[Site "Mexico City"]
[Date "2023.09.24"]
[Round "5"]
[White "Obregon Garcia, Roxangel"]
[Black "Sosovickova, Jana"]
[Result "1/2-1/2"]
[WhiteElo "2171"]
[BlackElo "2045"]
[PlyCount "100"]
[EventDate "2023.09.21"]
[EventType "swiss"]
[EventRounds "11"]
[EventCountry "MEX"]
[SourceTitle "EXT 2024"]
[Source "ChessBase"]
[SourceDate "2023.10.10"]
[SourceVersion "1"]
[SourceVersionDate "2023.10.10"]
[SourceQuality "1"]

1. e4 e5 2. Nf3 Nc6 3. Bb5 f5 4. d3 fxe4 5. dxe4 Nf6 6. 0-0 Bc5 7. Qd3 Nd4 8. b4 Nxf3+ 9. Qxf3 Bxb4 10. Bb2 Qe7 11. Qd3 c6 12. Bc4 d6 13. Ba3 Bxa3 14. Nxa3 Be6 15. f4 0-0 16. Bxe6+ Qxe6 17. Rab1 b6 18. f5 Qe7 19. c4 Kh8 20. Nc2 d5 21. cxd5 cxd5 22. exd5 Qc5+ 23. Kh1 Qxd5 24. Qxd5 Nxd5 25. Rb5 Rad8 26. Rd1 Nc3 27. Rxd8 Rxd8 28. Rxe5 Nxa2 29. h3 Kg8 30. Ne3 Kf7 31. Ng4 Nb4 32. Re6 Nd3 33. Rc6 Rd7 34. Kh2 b5 35. Ne3 b4 36. Rc8 Rb7 37. Nc4 Ke7 38. Rg8 Kf6 39. Rf8+ Ke7 40. Rg8 Kf6 41. Rf8+ Rf7 42. Rb8 Rc7 43. Ne3 Ke5 44. Kg3 Kd4 45. Kf3 Kc5 46. Ke4 Nb2 47. Nd5 Rd7 48. Rc8+ Kb5 49. Rb8+ Kc5 50. Rc8+ Kb5 1/2-1/2

[Event "Wch U20 Girls 39th"]
[Site "Mexico City"]
[Date "2023.09.21"]
[Round "1"]
[White "Amulya, Guruprasad"]
[Black "Sosovickova, Jana"]
[Result "0-1"]
[WhiteElo "1633"]
[BlackElo "2045"]
[PlyCount "96"]
[EventDate "2023.09.21"]
[EventType "swiss"]
[EventRounds "11"]
[EventCountry "MEX"]
[SourceTitle "EXT 2024"]
[Source "ChessBase"]
[SourceDate "2023.10.10"]
[SourceVersion "1"]
[SourceVersionDate "2023.10.10"]
[SourceQuality "1"]

1. e4 e5 2. Nf3 Nc6 3. Nc3 Nf6 4. a3 d6 5. Bb5 Bd7 6. d4 exd4 7. Nxd4 Be7 8. Bxc6 bxc6 9. 0-0 0-0 10. b4 a5 11. Bb2 Rb8 12. f4 axb4 13. axb4 Rxb4 14. Ba3 Rb8 15. Kh1 c5 16. Nde2 Ng4 17. Qd3 Bf6 18. h3 Bxc3 19. Nxc3 Nf6 20. e5 Ne8 21. Rad1 Qc8 22. f5 Bc6 23. Qg3 f6 24. e6 Qa6 25. Bc1 Rb4 26. Rfe1 Qc4 27. Ba3 Qh4 28. Qe3 Rg4 29. Nd5 Bxd5 30. Rxd5 Rg3 31. e7 Rf7 32. Qe6 Rxa3 33. Rb1 Qf2 34. Qd7 Rxh3+ 35. gxh3 Qf3+ 36. Kg1 Qe3+ 37. Kg2 Rxe7 38. Qc6 Qe2+ 39. Kg1 Qe3+ 40. Kg2 Qg5+ 41. Kh1 Re2 42. Rd3 Qf4 43. Qg2 Rxg2 44. Kxg2 Qe4+ 45. Kg1 Qxf5 46. Re1 Kf7 47. Rde3 Qd7 48. c4 f5 0-1

[Event "Skalica op-A"]
[Site "Skalica"]
[Date "2023.08.27"]
[Round "9"]
[White "Sosovickova, Jana"]
[Black "Bochnickova, Simona"]
[Result "1/2-1/2"]
[WhiteElo "1973"]
[BlackElo "2063"]
[PlyCount "49"]
[EventDate "2023.08.19"]
[EventType "swiss"]
[EventRounds "9"]
[EventCountry "SVK"]
[SourceTitle "CBM 215 Extra"]
[Source "ChessBase"]
[SourceDate "2023.09.30"]
[SourceVersion "1"]
[SourceVersionDate "2023.09.30"]
[SourceQuality "1"]

1. e4 e6 2. d4 d5 3. exd5 exd5 4. Nf3 Bd6 5. Bd3 Ne7 6. Nc3 c6 7. 0-0 0-0 8. Ne2 Qc7 9. Ng3 Ng6 10. Nf5 Bxf5 11. Bxf5 Nd7 12. Qd3 Rfe8 13. Bg5 Ndf8 14. Rae1 h6 15. Bd2 Rad8 16. g3 Qb8 17. Rxe8 Rxe8 18. Re1 Rxe1+ 19. Nxe1 Qd8 20. c3 Qf6 21. Qf3 Ne6 22. Bd3 Qe7 23. Ng2 Ng5 24. Bxg5 Qxg5 25. Qe3 1/2-1/2

[Event "Skalica op-A"]
[Site "Skalica"]
[Date "2023.08.20"]
[Round "2"]
[White "Sosovickova, Jana"]
[Black "Movsesian, Julia"]
[Result "0-1"]
[WhiteElo "1973"]
[BlackElo "2267"]
[PlyCount "58"]
[EventDate "2023.08.19"]
[EventType "swiss"]
[EventRounds "9"]
[EventCountry "SVK"]
[SourceTitle "CBM 215 Extra"]
[Source "ChessBase"]
[SourceDate "2023.09.30"]
[SourceVersion "1"]
[SourceVersionDate "2023.09.30"]
[SourceQuality "1"]

1. e4 c5 2. Nf3 Nc6 3. d4 cxd4 4. Nxd4 e5 5. Nb5 d6 6. N1c3 a6 7. Na3 Nf6 8. Bg5 b5 9. Bxf6 gxf6 10. Nd5 f5 11. Bd3 Be6 12. c3 Bg7 13. Nc2 0-0 14. 0-0 Rc8 15. Ncb4 Nxb4 16. Nxb4 fxe4 17. Bxe4 a5 18. Nd5 f5 19. Bc2 Rc5 20. Ne3 a4 21. Qh5 Qf6 22. Rad1 d5 23. g4 Qg6 24. Qxg6 hxg6 25. Bb1 f4 26. Nc2 Bxg4 27. Rd2 e4 28. Nb4 Rf5 29. f3 Bh3 0-1

[Event "Piestany op-A"]
[Site "Piestany"]
[Date "2023.07.17"]
[Round "7"]
[White "Maryasin, Boris Feliksovich"]
[Black "Sosovickova, Jana"]
[Result "1/2-1/2"]
[WhiteElo "2266"]
[BlackElo "2026"]
[PlyCount "138"]
[EventDate "2023.07.11"]
[EventType "swiss"]
[EventRounds "9"]
[EventCountry "SVK"]
[SourceTitle "EXT 2024"]
[Source "ChessBase"]
[SourceDate "2023.10.10"]
[SourceVersion "1"]
[SourceVersionDate "2023.10.10"]
[SourceQuality "1"]

1. d4 d5 2. Nc3 Nf6 3. Bg5 h6 4. Bh4 Nbd7 5. Nf3 c5 6. e3 e6 7. Bd3 Be7 8. h3 a6 9. a4 b6 10. Ne5 Nxe5 11. dxe5 Nd7 12. Bg3 c4 13. Be2 Nc5 14. 0-0 0-0 15. b4 cxb3 16. cxb3 Bb7 17. b4 Ne4 18. Nxe4 dxe4 19. Rb1 Qxd1 20. Rfxd1 Rfd8 21. f4 exf3 22. gxf3 Rxd1+ 23. Bxd1 Rd8 24. Be1 Rd3 25. e4 Kf8 26. Be2 Ra3 27. Rc1 Bd8 28. a5 b5 29. Bf2 Ke8 30. Bc5 Bg5 31. Rc2 Kd7 32. Kf2 Bf4 33. Bd6 Bc6 34. h4 g6 35. Kg2 h5 36. Rb2 f6 37. Rb1 Ra2 38. Kf2 fxe5 39. Bc5 Ke8 40. Rg1 Kf7 41. Be3 Bxe3+ 42. Kxe3 Rb2 43. Rc1 Bd7 44. Rc7 Ke7 45. Ra7 Rxb4 46. Rxa6 Rb3+ 47. Kf2 Ra3 48. Ra7 Kd6 49. a6 Bc6 50. Rg7 Rxa6 51. Rxg6 Rb6 52. Rh6 Be8 53. Ke3 Ke7 54. Kd2 b4 55. Kc1 Rd6 56. Rh7+ Kf6 57. Rb7 Rd4 58. Bd1 Bd7 59. Bc2 Bc8 60. Rb8 Ba6 61. Rh8 Be2 62. Rh6+ Kf7 63. Rxh5 Bxf3 64. Rxe5 Kf6 65. Rg5 Bxe4 66. Rg4 Kf5 67. Rxe4 Rxe4 68. h5 Kg5 69. Bxe4 Kxh5 1/2-1/2

[Event "Pula op 35th"]
[Site "Pula"]
[Date "2023.06.20"]
[Round "4"]
[White "Sosovickova, Jana"]
[Black "Vojak, Daniel"]
[Result "0-1"]
[WhiteElo "2022"]
[BlackElo "2339"]
[PlyCount "82"]
[EventDate "2023.06.17"]
[EventType "swiss"]
[EventRounds "9"]
[EventCountry "CRO"]
[SourceTitle "CBM 214 Extra"]
[Source "ChessBase"]
[SourceDate "2023.07.31"]
[SourceVersion "1"]
[SourceVersionDate "2023.07.31"]
[SourceQuality "1"]

1. e4 c5 2. Nf3 d6 3. Bb5+ Nd7 4. a4 Ngf6 5. Nc3 e6 6. 0-0 a6 7. Be2 b6 8. d4 cxd4 9. Qxd4 Qc7 10. h3 Bb7 11. Rd1 Be7 12. Nd2 0-0 13. Nc4 e5 14. Qe3 Rfd8 15. b3 Nc5 16. Bf3 Bc6 17. a5 b5 18. Nb6 Rab8 19. Bb2 Ncd7 20. Nxd7 Bxd7 21. b4 Be6 22. Rab1 h6 23. Nd5 Nxd5 24. exd5 Bf5 25. Be4 Bg5 26. Qd3 Bxe4 27. Qxe4 Rdc8 28. c3 Qd7 29. Qe1 Qf5 30. Qe2 Rc4 31. Rd3 e4 32. Rdd1 Rbc8 33. f3 Re8 34. Qc2 Qf4 35. Re1 e3 36. Rbd1 Qg3 37. Bc1 Bf4 38. Kf1 Qh2 39. Rd4 Qh1+ 40. Ke2 Qxg2+ 41. Kd1 e2+ 0-1

[Event "Pula op 35th"]
[Site "Pula"]
[Date "2023.06.18"]
[Round "2"]
[White "Sosovickova, Jana"]
[Black "Bratovic, Blaz"]
[Result "0-1"]
[WhiteElo "2022"]
[BlackElo "2326"]
[PlyCount "80"]
[EventDate "2023.06.17"]
[EventType "swiss"]
[EventRounds "9"]
[EventCountry "CRO"]
[SourceTitle "CBM 214 Extra"]
[Source "ChessBase"]
[SourceDate "2023.07.31"]
[SourceVersion "1"]
[SourceVersionDate "2023.07.31"]
[SourceQuality "1"]

1. e4 c6 2. d4 d5 3. Nc3 dxe4 4. Nxe4 Nf6 5. Nxf6+ exf6 6. c3 Bd6 7. Bd3 0-0 8. Qc2 Re8+ 9. Ne2 h5 10. Be3 Nd7 11. 0-0-0 Nf8 12. h3 Be6 13. Kb1 Qa5 14. c4 Rac8 15. Bd2 Bb4 16. Nf4 Bxd2 17. Rxd2 Qg5 18. g3 h4 19. Rg1 b5 20. Rdd1 Bxc4 21. Bxc4 bxc4 22. Qxc4 hxg3 23. fxg3 Re3 24. Rde1 Rxe1+ 25. Rxe1 Ng6 26. Nxg6 Qxg6+ 27. Kc1 Qxg3 28. Re7 Qg5+ 29. Kd1 Qg6 30. b4 f5 31. b5 f4 32. Rxa7 f3 33. b6 Re8 34. Kc1 f2 35. Kb2 Qf6 36. b7 f1Q 37. Ra8 Q6f2+ 38. Ka3 Qxc4 39. Rxe8+ Kh7 40. b8Q Qfxa2# 0-1

[Event "SVK-ch U18 Girls"]
[Site "Dudince"]
[Date "2023.04.20"]
[Round "6"]
[White "Sosovickova, Jana"]
[Black "Striskova, Lucia"]
[Result "1/2-1/2"]
[WhiteElo "2014"]
[BlackElo "2020"]
[PlyCount "35"]
[EventDate "2023.04.16"]
[EventType "swiss"]
[EventRounds "9"]
[EventCountry "SVK"]
[SourceTitle "CBM 213 Extra"]
[Source "ChessBase"]
[SourceDate "2023.05.31"]
[SourceVersion "1"]
[SourceVersionDate "2023.05.31"]
[SourceQuality "1"]

1. Nf3 Nf6 2. g3 g6 3. Bg2 Bg7 4. 0-0 c5 5. d3 Nc6 6. Nbd2 d6 7. e4 h5 8. Re1 e5 9. Nf1 Be6 10. c3 Qd7 11. Ng5 h4 12. Nxe6 Qxe6 13. Be3 hxg3 14. hxg3 Ng4 15. Qb3 Qd7 16. f3 Nxe3 17. Nxe3 0-0-0 18. Kf2 1/2-1/2

[Event "SVK-ch U18 Girls"]
[Site "Dudince"]
[Date "2023.04.19"]
[Round "5"]
[White "Sosovickova, Jana"]
[Black "Zetocha, Adela"]
[Result "1-0"]
[WhiteElo "2014"]
[BlackElo "1534"]
[PlyCount "81"]
[EventDate "2023.04.16"]
[EventType "swiss"]
[EventRounds "9"]
[EventCountry "SVK"]
[SourceTitle "CBM 213 Extra"]
[Source "ChessBase"]
[SourceDate "2023.05.31"]
[SourceVersion "1"]
[SourceVersionDate "2023.05.31"]
[SourceQuality "1"]

1. e4 g6 2. d4 Bg7 3. Nf3 c6 4. Bc4 d5 5. exd5 cxd5 6. Bd3 Nf6 7. c3 0-0 8. 0-0 Nc6 9. Re1 Qc7 10. Bg5 Ng4 11. h3 Nh6 12. Qc1 Nf5 13. Bf4 Qd8 14. Na3 a6 15. Nc2 Nd6 16. Ne3 Ne8 17. Qd2 Nf6 18. Nf1 b6 19. Ne5 Bb7 20. Nxc6 Bxc6 21. Qe2 Nh5 22. Bh2 Re8 23. Bxa6 Qd7 24. Bd3 b5 25. a3 e6 26. Nd2 Nf6 27. Be5 Qd8 28. Bxb5 Bxb5 29. Qxb5 Bh6 30. Qd3 Nd7 31. Nf3 f6 32. Bg3 Ra7 33. Re2 Nb6 34. b3 Qc8 35. a4 Qa8 36. Rae1 Qc6 37. Nh2 Kf7 38. Ng4 Bf8 39. Qf3 Nd7 40. Qxf6+ Nxf6 41. Ne5+ 1-0

[Event "SVK-chT2B 2223"]
[Site "Slovakia"]
[Date "2023.03.26"]
[Round "11.2"]
[White "Sosovickova, Jana"]
[Black "Mellen, Milan"]
[Result "1-0"]
[WhiteElo "1853"]
[BlackElo "1911"]
[PlyCount "129"]
[EventDate "2022.10.08"]
[EventType "team-tourn"]
[EventRounds "11"]
[EventCountry "SVK"]
[SourceTitle "EXT 2024"]
[Source "ChessBase"]
[SourceDate "2023.10.10"]
[SourceVersion "1"]
[SourceVersionDate "2023.10.10"]
[SourceQuality "1"]
[WhiteTeam "Dubnica nad Vahom III"]
[BlackTeam "Nove Zamky"]
[WhiteTeamCountry "SVK"]
[BlackTeamCountry "SVK"]

1. e4 c5 2. Nf3 Nc6 3. Bb5 e6 4. 0-0 Nge7 5. d4 cxd4 6. Nxd4 Qb6 7. Nxc6 Qxb5 8. Nd4 Qb6 9. Nc3 a6 10. a4 Nc6 11. Nb3 Be7 12. Be3 Qc7 13. a5 d6 14. Na4 Bd7 15. Nb6 Rd8 16. f4 0-0 17. c3 Be8 18. Qf3 Kh8 19. Qg3 Bf6 20. Rfd1 Ne7 21. Nd4 Bc6 22. Nxc6 Nxc6 23. Qf3 Be7 24. g4 Kg8 25. Rd2 Rfe8 26. g5 Bf8 27. Kh1 Ne7 28. Rad1 Qc6 29. Qg2 Nc8 30. h4 Nxb6 31. Bxb6 Rd7 32. h5 Rc8 33. f5 exf5 34. exf5 Qxg2+ 35. Kxg2 Be7 36. g6 h6 37. Rd5 Rc4 38. R1d4 Rxd4 39. Bxd4 Rc7 40. Kf3 Rc6 41. Ke4 Kf8 42. b4 Rc8 43. Kd3 Rc6 44. c4 Rc8 45. b5 Rc7 46. Bb6 Rc8 47. Bd4 Rc7 48. Kc3 Rc8 49. Kb4 Bh4 50. Kb3 Be7 51. Be3 Rc7 52. Bf4 Rc5 53. Rxc5 dxc5 54. Kc3 fxg6 55. hxg6 Bf6+ 56. Kd3 Ke7 57. Ke4 h5 58. Kd5 Bc3 59. Bg5+ Bf6 60. Be3 Bd4 61. Bxd4 cxd4 62. Kxd4 Kf6 63. Ke4 h4 64. c5 h3 65. Kf3 1-0

[Event "SVK-chT1W 2223"]
[Site "Slovakia"]
[Date "2023.02.05"]
[Round "9.5"]
[White "Lecky, Juraj"]
[Black "Sosovickova, Jana"]
[Result "1-0"]
[WhiteElo "2108"]
[BlackElo "1834"]
[PlyCount "79"]
[EventDate "2022.10.15"]
[EventType "team-tourn"]
[EventRounds "11"]
[EventCountry "SVK"]
[SourceTitle "EXT 2024"]
[Source "ChessBase"]
[SourceDate "2023.10.10"]
[SourceVersion "1"]
[SourceVersionDate "2023.10.10"]
[SourceQuality "1"]
[WhiteTeam "Levice"]
[BlackTeam "Dubnica nad Vahom II"]
[WhiteTeamCountry "SVK"]
[BlackTeamCountry "SVK"]

1. d4 Nf6 2. c4 g6 3. Nc3 Bg7 4. e4 d6 5. Nf3 0-0 6. Be2 e5 7. Be3 Ng4 8. Bg5 f6 9. Bc1 Nc6 10. 0-0 a5 11. h3 Nh6 12. Be3 Kh8 13. Qd2 Nf7 14. Rad1 f5 15. dxe5 Nfxe5 16. Nxe5 Nxe5 17. f4 Nc6 18. exf5 Bxf5 19. Bf3 Qh4 20. Nd5 Rf7 21. Bf2 Qd8 22. Rfe1 Qf8 23. g4 Bc8 24. Re2 Nb4 25. Rde1 Bd7 26. Bg3 Bc6 27. a3 Nxd5 28. Bxd5 Bxd5 29. cxd5 c5 30. Re6 Bd4+ 31. Kh2 Rd7 32. R1e4 Bg7 33. Qe2 Qf7 34. Re8+ Rxe8 35. Rxe8+ Bf8 36. Re6 Bg7 37. Kg2 b5 38. Qxb5 Rb7 39. Re8+ Bf8 40. Rxf8+ 1-0

[Event "SVK-chT1W 2223"]
[Site "Slovakia"]
[Date "2023.02.04"]
[Round "8.6"]
[White "Rakovsky, Jakub"]
[Black "Sosovickova, Jana"]
[Result "1-0"]
[WhiteElo "1898"]
[BlackElo "1834"]
[PlyCount "33"]
[EventDate "2022.10.15"]
[EventType "team-tourn"]
[EventRounds "11"]
[EventCountry "SVK"]
[SourceTitle "EXT 2024"]
[Source "ChessBase"]
[SourceDate "2023.10.10"]
[SourceVersion "1"]
[SourceVersionDate "2023.10.10"]
[SourceQuality "1"]
[WhiteTeam "Nitra NSK"]
[BlackTeam "Dubnica nad Vahom II"]
[WhiteTeamCountry "SVK"]
[BlackTeamCountry "SVK"]

1. e4 e5 2. Bc4 Nf6 3. d3 Bc5 4. Nf3 Nc6 5. c3 d6 6. 0-0 0-0 7. Re1 h6 8. h3 a6 9. Bb3 b5 10. Nbd2 Bb6 11. Nf1 Ne7 12. Nh4 c5 13. Qf3 Nh7 14. Ng3 Kh8 15. Nh5 Ng8 16. Qxf7 Qxh4 17. Qxg7# 1-0

[Event "SVK-chT2B 2223"]
[Site "Slovakia"]
[Date "2023.01.15"]
[Round "7.4"]
[White "Sosovickova, Jana"]
[Black "Kutny, Marian"]
[Result "1-0"]
[WhiteElo "1853"]
[BlackElo "1981"]
[PlyCount "99"]
[EventDate "2022.10.08"]
[EventType "team-tourn"]
[EventRounds "11"]
[EventCountry "SVK"]
[SourceTitle "EXT 2024"]
[Source "ChessBase"]
[SourceDate "2023.10.10"]
[SourceVersion "1"]
[SourceVersionDate "2023.10.10"]
[SourceQuality "1"]
[WhiteTeam "Dubnica nad Vahom III"]
[BlackTeam "Belusa"]
[WhiteTeamCountry "SVK"]
[BlackTeamCountry "SVK"]

1. Nf3 Nf6 2. g3 d5 3. Bg2 g6 4. 0-0 Bg7 5. d3 0-0 6. Nbd2 Re8 7. e4 dxe4 8. dxe4 e5 9. Qe2 Nc6 10. c3 Be6 11. Nc4 Nd7 12. Ng5 Qe7 13. b4 Nb6 14. Nxe6 Qxe6 15. Ne3 Ne7 16. h4 a5 17. b5 c6 18. c4 cxb5 19. cxb5 Rac8 20. Bd2 a4 21. Bb4 Nc4 22. a3 Nxe3 23. Qxe3 b6 24. Rfd1 Red8 25. Rac1 Rxc1 26. Qxc1 Rxd1+ 27. Qxd1 Bf8 28. Qxa4 Nc8 29. Bxf8 Kxf8 30. Qa8 Kg7 31. Qb8 Ne7 32. a4 Ng8 33. Qc7 Nf6 34. a5 bxa5 35. b6 Qd7 36. Qxe5 a4 37. Qb2 Qd1+ 38. Bf1 Qb3 39. Qd4 a3 40. e5 Nd5 41. e6+ f6 42. Qc4 Qb2 43. Qxd5 a2 44. e7 a1Q 45. e8Q Qxb6 46. Qdf7+ Kh6 47. Qef8+ Kh5 48. Qxh7+ Kg4 49. Qxg6+ Kf3 50. Qf5# 1-0

[Event "SVK-chT1W 2223"]
[Site "Slovakia"]
[Date "2022.12.04"]
[Round "6.4"]
[White "Kavon, Rastislav"]
[Black "Sosovickova, Jana"]
[Result "0-1"]
[WhiteElo "2129"]
[BlackElo "1834"]
[PlyCount "68"]
[EventDate "2022.10.15"]
[EventType "team-tourn"]
[EventRounds "11"]
[EventCountry "SVK"]
[SourceTitle "EXT 2024"]
[Source "ChessBase"]
[SourceDate "2023.10.10"]
[SourceVersion "1"]
[SourceVersionDate "2023.10.10"]
[SourceQuality "1"]
[WhiteTeam "Trnava Sered"]
[BlackTeam "Dubnica nad Vahom II"]
[WhiteTeamCountry "SVK"]
[BlackTeamCountry "SVK"]

1. e4 e5 2. Nf3 Nc6 3. Bc4 Nf6 4. d3 Bc5 5. Bg5 d6 6. h3 Na5 7. Bb3 Nxb3 8. axb3 0-0 9. 0-0 c6 10. Nc3 Bb6 11. Qd2 Qe7 12. Rfe1 Bd8 13. d4 Qc7 14. Rad1 Be7 15. Qe3 Re8 16. Ne2 Nh5 17. Bxe7 Qxe7 18. dxe5 dxe5 19. Nc1 Nf4 20. Nd3 Nxd3 21. Rxd3 f6 22. Ra1 b6 23. Qd2 Be6 24. Rd1 Rac8 25. Rd6 Bd5 26. Rxd5 cxd5 27. exd5 Red8 28. c4 b5 29. Rc1 Qb7 30. Rc2 Rc5 31. Qd3 Qa6 32. Qd1 bxc4 33. bxc4 Rxc4 34. Qf1 Ra4 0-1

[Event "SVK-chT2B 2223"]
[Site "Slovakia"]
[Date "2022.11.26"]
[Round "5.3"]
[White "Sosovickova, Jana"]
[Black "Vyhlidal, Jozef"]
[Result "1-0"]
[WhiteElo "1922"]
[BlackElo "2022"]
[PlyCount "99"]
[EventDate "2022.10.08"]
[EventType "team-tourn"]
[EventRounds "11"]
[EventCountry "SVK"]
[SourceTitle "EXT 2024"]
[Source "ChessBase"]
[SourceDate "2023.10.10"]
[SourceVersion "1"]
[SourceVersionDate "2023.10.10"]
[SourceQuality "1"]
[WhiteTeam "Dubnica nad Vahom III"]
[BlackTeam "Nemsova Horne Srnie"]
[WhiteTeamCountry "SVK"]
[BlackTeamCountry "SVK"]

1. e4 e5 2. Nf3 Nc6 3. Bc4 h6 4. c3 Qf6 5. d4 g5 6. Be3 d6 7. Bb5 Bd7 8. d5 Nb8 9. Bxd7+ Nxd7 10. Qb3 b6 11. a4 a5 12. Na3 Qd8 13. Nb5 Ngf6 14. Qc4 Nc5 15. Bxc5 bxc5 16. 0-0 Be7 17. b4 Nd7 18. bxc5 Nxc5 19. Ne1 0-0 20. Nd3 Na6 21. g4 Qd7 22. f3 Kg7 23. Kg2 Rfc8 24. Qa2 c6 25. dxc6 Rxc6 26. Rfd1 Qe6 27. Nb2 Rd8 28. Qd5 Qxd5 29. Rxd5 Kf6 30. Rad1 Ke6 31. Kf2 Rd7 32. Ke2 Bd8 33. Nd3 f6 34. Nb2 Bb6 35. Kf1 Be3 36. Ke2 Bf4 37. h3 Nc5 38. Kf2 Nb7 39. Ke2 Rc5 40. Rxc5 Nxc5 41. Rd5 Ke7 42. Kd1 Rd8 43. Kc2 Rd7 44. Nc4 Nxa4 45. Nbxd6 Ke6 46. Rxa5 Nb6 47. Nxb6 Rxd6 48. Nd5 Kf7 49. Ra7+ Kg8 50. c4 1-0

[Event "SVK-chT U18"]
[Site "Radava"]
[Date "2022.11.24"]
[Round "7.4"]
[White "Sosovickova, Jana"]
[Black "Bilik, Matej"]
[Result "1-0"]
[WhiteElo "1834"]
[BlackElo "1646"]
[PlyCount "101"]
[EventDate "2022.11.21"]
[EventType "team-swiss"]
[EventRounds "7"]
[EventCountry "SVK"]
[SourceTitle "CBM 211 Extra"]
[Source "ChessBase"]
[SourceDate "2023.01.31"]
[SourceVersion "1"]
[SourceVersionDate "2023.01.31"]
[SourceQuality "1"]
[WhiteTeam "Bratislava Doprastav"]
[BlackTeam "Humenne Reinter"]
[WhiteTeamCountry "SVK"]
[BlackTeamCountry "SVK"]

1. d4 Nf6 2. Nf3 g6 3. g3 c5 4. Bg2 Bg7 5. 0-0 0-0 6. c3 cxd4 7. Nxd4 d5 8. Nd2 e6 9. N2b3 b6 10. a4 Bb7 11. Bg5 Nbd7 12. Qc1 Qe7 13. h4 Nc5 14. Ra3 Rac8 15. Nxc5 bxc5 16. Nf3 Qc7 17. Bf4 Qb6 18. Ne5 Ba6 19. Re1 Rfd8 20. Bg5 Rd6 21. Qf4 Qd8 22. b4 c4 23. Rd1 Qe7 24. Ng4 e5 25. Qxe5 Qxe5 26. Nxe5 Bb7 27. Be3 a6 28. Bd4 Nd7 29. Nxd7 Bxd4 30. Rxd4 Rxd7 31. Ra2 Rcd8 32. Rad2 Bc6 33. a5 f5 34. f3 Kf7 35. e4 dxe4 36. Rxd7+ Rxd7 37. Rxd7+ Bxd7 38. fxe4 fxe4 39. Bxe4 Ke6 40. Kf2 Ke5 41. Ke3 Be8 42. g4 Bd7 43. Bb7 Bb5 44. Bc8 h6 45. Bb7 g5 46. h5 Bd7 47. Bxa6 Bxg4 48. Bxc4 Bxh5 49. a6 Bg6 50. Bd3 Be8 51. Be4 1-0